00736 2200229 4500001002100000005001500021035002000036007000300056008004100059020001800100082001100118084001700129100003200146245006000178250001000238260003500248300002500283520012200308600002600430990002500456990002500481INLIS00000000001114320260127031831 a0010-0126000037ta260127 g 0 ind  a9789790713413 a340.59 a340.59 KOM k0 aKompilasi hukum islam (KHI)1 aKompilasi hukum islam (KHI) /cTim Redaksi Nuansa Aulia aCet.8 aBandung :bNuansa Aulia,c2020 avi, 290 hlm ;c21 cm aBuku ini berisi kumpulan peraturan perundanng-undangan terkait hukum perkawinan, hukum kewarisan dan hukum perwakafan 4ahukum islam-peraturan a27471/MKRI-P/XI-2024 a27472/MKRI-P/XI-2024